LEADER 00489nab a2200145 i 4500 001 000000278680 003 CaOOAMICUS 005 20180831165113.0 008 180831n xx uu u0 0und r 013 $a29827 040 $aSeMil$bita 245 10$a[vedi periodico]. 500 $a[2012/2, Allegato]. 773 0 $tVarese, crocevia del Business.$d[Varese] : Camera di Commercio Industria, Artigianato e Agricoltura di Varese, 2012.$w()218948 996 $6245$a[vedi periodico]$9(OLS)http://semarc/title/309439 LEADER 00949nam a2200217 i 4500 001 000000195337 003 CaOOAMICUS 005 20101210000000.0 008 101210n fr u000 u fre u 013 $a174009 040 $aSeMil$bita 100 1 $aLatreille, André.$0(OLS)http://semarc/name/9420 245 10$aSur quelques problèmes relatifs à l'Histoire de la Renaissance Religieuse au 17. siècle en France /$cAndré Latreille. 260 $a[S.l. :$bs.n.],$c[19--?] 300 $aP. [179]-195 ;$c20 cm. 500 $aFrontespizio mancante. - Informazioni prese dalla prima pagina. 850 $aSeMil 852 $aSeMil$W1$xVenegono$y1$m5A XII 8/49$j145906$B145906$CSeMilBibl$Z2$F157422 $81 961 $aOmaggio: Altro 996 $6245$aSur quelques problèmes relatifs à l'Histoire de la Renaissance Religieuse au 17. siècle en France$9(OLS)http://semarc/title/281799 996 $6260$a[S.l. :$bs.n.]$9(OLS)http://semarc/publisher/29751